[Event "26th Carlos Torre Mem"]
[Site "Merida MEX"]
[Date "2014.12.21"]
[Round "7.5"]
[White "Ibarra Chami, Luis Fernando"]
[Black "Gonzalez Zamora, Juan Carlos"]
[Result "1/2-1/2"]
[WhiteTitle "IM"]
[BlackTitle "GM"]
[WhiteElo "2462"]
[BlackElo "2523"]
[WhiteFideId "5105048"]
[BlackFideId "3507548"]
[EventDate "2014.12.18"]

1. c4 Nf6 2. Nc3 e5 3. Nf3 Nc6 4. e3 Be7 5. d4 exd4 6. exd4 d5 7. Bg5 Ne4 8.
Bxe7 Nxe7 9. Bd3 Nf6 10. c5 O-O 11. Qc2 Nc6 12. O-O-O Bg4 13. Be2 Re8 14. Ng1
Qd7 15. f3 Bf5 16. Qd2 h5 17. Bb5 a6 18. Bxc6 Qxc6 19. Nge2 b5 20. b3 b4 21. Na4
a5 22. Nf4 Qa6 23. Rhe1 Bd7 24. Rxe8+ Rxe8 25. Nb2 Bb5 1/2-1/2

[Event "26th Carlos Torre Mem"]
[Site "Merida MEX"]
[Date "2014.12.21"]
[Round "7.6"]
[White "Hevia Alejano, Carlos Antonio"]
[Black "Ruiz Sanchez, Orlen"]
[Result "1-0"]
[WhiteTitle "IM"]
[BlackTitle "IM"]
[WhiteElo "2511"]
[BlackElo "2411"]
[WhiteFideId "3508811"]
[BlackFideId "3506231"]
[EventDate "2014.12.18"]

1. d4 d5 2. c4 dxc4 3. Nf3 Nf6 4. e3 b5 5. a4 b4 6. Bxc4 e6 7. O-O Be7 8. Qe2
Bb7 9. Nbd2 Nbd7 10. e4 c5 11. e5 Nd5 12. Ne4 cxd4 13. Rd1 Qc7 14. Bxd5 Bxd5 15.
Bg5 f6 16. exf6 gxf6 17. Rac1 Qb7 18. Nxd4 Rg8 19. Nxe6 Bxe4 20. Nc7+ Kd8 21.
Ne6+ Ke8 22. Rc7 Rxg5 23. Rxb7 Rxg2+ 24. Kf1 Bxb7 25. Qb5 Bf3 26. Rxd7 Kf7 27.
Qf5 Rag8 28. Qxf3 1-0

[Event "26th Carlos Torre Mem"]
[Site "Merida MEX"]
[Date "2014.12.21"]
[Round "7.7"]
[White "Nogueiras Santiago, Jesus"]
[Black "Vera Gonzalez-Quevedo, Reynaldo"]
[Result "1-0"]
[WhiteTitle "GM"]
[BlackTitle "GM"]
[WhiteElo "2502"]
[BlackElo "2445"]
[WhiteFideId "3500020"]
[BlackFideId "3500055"]
[EventDate "2014.12.18"]

1. d4 Nf6 2. Nf3 d5 3. c4 e6 4. Nc3 Bb4 5. a3 Bxc3+ 6. bxc3 c5 7. e3 O-O 8. Bb2
Nc6 9. Rc1 dxc4 10. Bxc4 Qe7 11. Bb5 Bd7 12. c4 cxd4 13. exd4 a6 14. Bxc6 Bxc6
15. O-O Bxf3 16. Qxf3 b5 17. d5 exd5 18. cxd5 Qe4 19. Qg3 Qg6 20. Qb3 Rac8 21.
d6 Rxc1 22. Rxc1 Nd7 23. Qd5 Rd8 24. h4 Nf8 25. Rd1 h6 26. Rd3 Ne6 27. Be5 Qh5
28. g3 Qg4 29. Rc3 Qa4 30. Kh2 b4 31. axb4 Qxb4 32. d7 Qb6 33. Kg2 Kh7 34. Rc8
Qb5 35. Qxb5 axb5 36. Rxd8 Nxd8 37. Bc7 1-0

[Event "26th Carlos Torre Mem"]
[Site "Merida MEX"]
[Date "2014.12.21"]
[Round "8.1"]
[White "Cordova, Emilio"]
[Black "Bruzon Batista, Lazaro"]
[Result "0-1"]
[WhiteTitle "GM"]
[BlackTitle "GM"]
[WhiteElo "2616"]
[BlackElo "2668"]
[WhiteFideId "3801497"]
[BlackFideId "3503739"]
[EventDate "2014.12.18"]

1. Nf3 d5 2. c4 e6 3. g3 Nf6 4. Bg2 Be7 5. O-O O-O 6. b3 c5 7. Bb2 Nc6 8. e3 d4
9. exd4 cxd4 10. Re1 Bc5 11. d3 Re8 12. Na3 e5 13. Nc2 a5 14. a3 Qd6 15. Nh4 Bd7
16. Bc1 h6 17. Rb1 g5 18. Qd2 e4 19. b4 axb4 20. axb4 exd3 21. Rxe8+ Rxe8 22.
Qxd3 Nxb4 23. Nxb4 Bxb4 24. Nf3 Qc5 25. Bd2 Bf5 26. Bxb4 Bxd3 27. Bxc5 Bxb1 28.
Bxd4 Nd7 29. h4 Be4 30. hxg5 hxg5 31. Nxg5 Bxg2 32. Kxg2 Rc8 33. Kf3 Rxc4 34.
Ke3 Nc5 35. Nf3 b5 36. Ne5 Rc2 37. Nd3 Nxd3 38. Kxd3 Rc6 39. Bc3 f5 40. f3 Kf7
41. Bd2 Rc4 42. g4 fxg4 43. fxg4 Rxg4 44. Kc3 Ke6 45. Be1 Kd5 46. Kb3 Rf4 47.
Bd2 Re4 48. Bh6 Kc5 49. Bf8+ Kb6 50. Bd6 Re3+ 51. Kb4 Kc6 52. Bf8 Re1 53. Kc3
Rc1+ 54. Kb3 Rb1+ 55. Kc3 Kb6 56. Bb4 Ka6 57. Bd6 Ka5 58. Be7 Ka4 59. Bd6 b4+ 0-1

[Event "26th Carlos Torre Mem"]
[Site "Merida MEX"]
[Date "2014.12.21"]
[Round "8.2"]
[White "Ortiz Suarez, Isan Reynaldo"]
[Black "Nogueiras Santiago, Jesus"]
[Result "1-0"]
[WhiteTitle "GM"]
[BlackTitle "GM"]
[WhiteElo "2623"]
[BlackElo "2502"]
[WhiteFideId "3507165"]
[BlackFideId "3500020"]
[EventDate "2014.12.18"]

1. e4 Nf6 2. e5 Nd5 3. d4 d6 4. Nf3 Bg4 5. Be2 e6 6. O-O Be7 7. h3 Bh5 8. c4 Nb6
9. exd6 cxd6 10. b3 O-O 11. Bb2 a5 12. Nc3 a4 13. Qd2 Nc6 14. d5 exd5 15. Nxd5
Nxd5 16. Qxd5 Bg6 17. Qd2 Bf6 18. Nd4 d5 19. Nxc6 bxc6 20. cxd5 Qxd5 21. Qxd5
cxd5 22. Bxf6 gxf6 23. Bf3 axb3 24. axb3 Rxa1 25. Rxa1 d4 26. b4 Rb8 27. Ra8
Rxa8 28. Bxa8 Kf8 29. f4 Ke7 30. Kf2 Kd6 31. Kf3 h6 32. Be4 f5 33. Bc2 f6 34.
Ke2 Be8 35. Bxf5 Kd5 36. Bd3 Ba4 37. g4 Bd7 38. Kf3 Ba4 39. h4 Bd1+ 40. Kg3 Bb3
41. b5 Kc5 42. g5 fxg5 43. hxg5 hxg5 44. fxg5 Bc4 45. Bxc4 1-0

[Event "26th Carlos Torre Mem"]
[Site "Merida MEX"]
[Date "2014.12.21"]
[Round "8.3"]
[White "Hevia Alejano, Carlos Antonio"]
[Black "Ramirez, Alejandro"]
[Result "0-1"]
[WhiteTitle "IM"]
[BlackTitle "GM"]
[WhiteElo "2511"]
[BlackElo "2579"]
[WhiteFideId "3508811"]
[BlackFideId "6500617"]
[EventDate "2014.12.18"]

1. c4 c5 2. Nc3 Nc6 3. g3 g6 4. Bg2 Bg7 5. Nf3 d6 6. O-O e5 7. Ne1 Be6 8. d3
Nge7 9. Nc2 d5 10. cxd5 Nxd5 11. Ne3 Nde7 12. Rb1 O-O 13. a3 Rc8 14. b4 cxb4 15.
axb4 Nd4 16. Ne4 Ba2 17. Ra1 Bb3 18. Qd2 Nd5 19. Ra5 Bh6 20. Rc5 b6 21. Rxc8
Qxc8 22. f4 Nxe3 23. Qxe3 f5 24. Nd2 Bf7 25. Qf2 Qc2 26. e3 Nb3 27. Nc4 Qxf2+
28. Kxf2 Rc8 29. b5 e4 30. Ba3 exd3 31. Ne5 Nd2 32. Rc1 Ne4+ 33. Bxe4 Rxc1 34.
Nxf7 Rc2+ 35. Ke1 Kxf7 36. Bd5+ Ke8 37. Bg8 Bf8 0-1

[Event "26th Carlos Torre Mem"]
[Site "Merida MEX"]
[Date "2014.12.21"]
[Round "8.4"]
[White "Garcia Pantoja, Roberto"]
[Black "Gonzalez Vidal, Yuri"]
[Result "1/2-1/2"]
[WhiteTitle "IM"]
[BlackTitle "GM"]
[WhiteElo "2461"]
[BlackElo "2560"]
[WhiteFideId "3509265"]
[BlackFideId "3503321"]
[EventDate "2014.12.18"]

1. e4 c6 2. d4 d5 3. Nc3 dxe4 4. Nxe4 Bf5 5. Ng3 Bg6 6. h4 h6 7. Nf3 Nd7 8. h5
Bh7 9. Bd3 Bxd3 10. Qxd3 e6 11. Bf4 Qa5+ 12. Bd2 Bb4 13. c3 Be7 14. c4 Qc7 15.
O-O-O Ngf6 16. Qe2 b5 17. c5 a5 18. Nf1 Nd5 19. g4 O-O-O 20. a4 b4 21. Ne3 Nxe3
22. Bxe3 Kb7 23. Kb1 Rhe8 24. Qc4 Bf8 25. Rhg1 Nf6 26. Ne5 Nd5 27. Bc1 f6 28.
Ng6 Qf7 29. Rge1 e5 30. Qc2 exd4 31. Rxe8 Rxe8 32. Rxd4 Re1 33. Qc4 Rd1 34. Kc2
Rxd4 35. Qxd4 Be7 36. Nf4 Bf8 37. Ng6 1/2-1/2

[Event "26th Carlos Torre Mem"]
[Site "Merida MEX"]
[Date "2014.12.21"]
[Round "8.5"]
[White "Obregon Rivero, Juan Carlos"]
[Black "Ibarra Chami, Luis Fernando"]
[Result "1-0"]
[WhiteTitle "IM"]
[BlackTitle "IM"]
[WhiteElo "2548"]
[BlackElo "2462"]
[WhiteFideId "3507815"]
[BlackFideId "5105048"]
[EventDate "2014.12.18"]

1. Nf3 d5 2. g3 Nf6 3. Bg2 e6 4. O-O Be7 5. b3 O-O 6. Bb2 b5 7. d3 Bb7 8. Nbd2
c5 9. e3 Nc6 10. c4 a6 11. a3 Qb6 12. Rc1 Rfd8 13. Qc2 Ne8 14. d4 dxc4 15. bxc4
cxd4 16. exd4 bxc4 17. Nxc4 Qa7 18. Rfe1 Rac8 19. Qb1 Ba8 20. h4 h6 21. Ne3 Na5
22. d5 Rxc1 23. Qxc1 Bxd5 24. Nxd5 exd5 25. Nd4 Bf6 26. Nf5 d4 27. Bf1 Qb6 28.
Bd3 Nb3 29. Nxh6+ Kf8 30. Qf4 Nc5 31. Bc4 Qa5 32. Re5 gxh6 33. Qxh6+ Bg7 34. Qh5
Nd6 35. Rxc5 Qd2 36. Rc7 Qe1+ 37. Kg2 Qe8 38. Bd5 Kg8 39. Qg5 Kh8 40. Bxf7 Qe4+
41. Kh2 Rb8 42. Bxd4 Bxd4 43. Bg6 Qf3 44. Qh6+ 1-0

[Event "26th Carlos Torre Mem"]
[Site "Merida MEX"]
[Date "2014.12.21"]
[Round "8.6"]
[White "Miranda Mesa, Elier"]
[Black "Becerra Rivero, Julio"]
[Result "1/2-1/2"]
[WhiteTitle "FM"]
[BlackTitle "GM"]
[WhiteElo "2416"]
[BlackElo "2546"]
[WhiteFideId "3510697"]
[BlackFideId "3501728"]
[EventDate "2014.12.18"]

1. e4 e5 2. Nf3 Nc6 3. Bb5 a6 4. Ba4 Nf6 5. O-O Be7 6. d3 b5 7. Bb3 d6 8. a3 O-O
9. Nc3 h6 10. h3 Re8 11. Bd2 Rb8 12. Nd5 Bf8 13. Ne3 Be6 14. Bxe6 Rxe6 15. Nd5
Ne7 16. Nxf6+ Rxf6 17. b4 Re6 18. c4 c6 19. Re1 Qd7 20. Bc3 Rd8 21. a4 Ng6 22.
axb5 axb5 23. Bd2 bxc4 24. dxc4 d5 25. cxd5 cxd5 26. exd5 Qxd5 27. Bc3 Rc6 28.
Qxd5 Rxd5 29. Bxe5 Bxb4 30. Reb1 Be7 31. Bb8 Rc8 32. Bg3 Rcd8 33. Rb8 Rxb8 34.
Bxb8 Bf6 35. Ra2 Nf8 36. Bf4 Ne6 37. Be3 h5 38. g3 g5 39. Kg2 Kg7 1/2-1/2

[Event "26th Carlos Torre Mem"]
[Site "Merida MEX"]
[Date "2014.12.21"]
[Round "8.7"]
[White "Gonzalez Zamora, Juan Carlos"]
[Black "Lopez Gonzalez, Abel Fabian"]
[Result "1-0"]
[WhiteTitle "GM"]
[BlackTitle "FM"]
[WhiteElo "2523"]
[BlackElo "2256"]
[WhiteFideId "3507548"]
[BlackFideId "3512673"]
[EventDate "2014.12.18"]

1. c4 Nf6 2. Nc3 g6 3. g3 Bg7 4. Bg2 O-O 5. e3 d6 6. Nge2 e5 7. d3 Re8 8. O-O c6
9. e4 a6 10. a4 a5 11. h3 Na6 12. Be3 Nb4 13. f4 Nd7 14. f5 Nc5 15. Nc1 b6 16.
Rb1 Ra7 17. Kh2 Rd7 18. h4 d5 19. exd5 cxd5 20. Bxc5 bxc5 21. cxd5 Bb7 22. Be4
Nxd5 23. Qf3 gxf5 24. Qxf5 Nf6 25. Bxb7 Rxb7 26. Ne4 Nxe4 27. dxe4 c4 28. Ne2
Qd7 29. Qxd7 Rxd7 30. Nc3 Rd2+ 31. Kh3 Red8 32. Nd5 Rb8 33. Rfc1 Rbxb2 34. Rxb2
Rxb2 35. Rxc4 h6 36. h5 Bf8 37. Rc8 Kg7 38. Ne3 Bb4 39. Nf5+ Kh7 40. Rc7 Bd2 41.
Rxf7+ Kg8 42. Rd7 Bg5 43. Rg7+ Kf8 44. Ra7 Bd2 45. Ra8+ Kf7 46. Nd6+ Kf6 47. Ra6
Rc2 48. Kg4 Kg7 49. Kf5 Be3 50. Kxe5 Rc5+ 51. Ke6 Bd2 52. Nf5+ Kh7 53. Rd6 Bg5
54. Rd7+ Kh8 55. e5 Rc4 56. Rd4 Rc6+ 57. Nd6 Kg7 1-0

[Event "26th Carlos Torre Mem"]
[Site "Merida MEX"]
[Date "2014.12.22"]
[Round "9.1"]
[White "Bruzon Batista, Lazaro"]
[Black "Obregon Rivero, Juan Carlos"]
[Result "1/2-1/2"]
[WhiteTitle "GM"]
[BlackTitle "IM"]
[WhiteElo "2668"]
[BlackElo "2548"]
[WhiteFideId "3503739"]
[BlackFideId "3507815"]
[EventDate "2014.12.18"]

1. d4 Nf6 2. Nf3 e6 3. c4 d5 4. g3 Be7 5. Bg2 O-O 6. O-O dxc4 7. Qc2 a6 8. a4
Nbd7 9. Qxc4 b5 10. Qc2 Bb7 11. Bg5 Be4 12. Qc1 c5 13. Nbd2 Bb7 14. axb5 axb5
15. Rxa8 Bxa8 16. dxc5 Bxc5 17. Bxf6 Qxf6 18. Qc2 h6 19. Ne1 Bxg2 20. Kxg2 Rb8
21. Ne4 Qf5 22. Nxc5 Qxc5 23. Qxc5 Nxc5 24. b4 Na4 25. Nd3 Rc8 26. Rc1 1/2-1/2

[Event "26th Carlos Torre Mem"]
[Site "Merida MEX"]
[Date "2014.12.22"]
[Round "9.2"]
[White "Gonzalez Vidal, Yuri"]
[Black "Ortiz Suarez, Isan Reynaldo"]
[Result "1/2-1/2"]
[WhiteTitle "GM"]
[BlackTitle "GM"]
[WhiteElo "2560"]
[BlackElo "2623"]
[WhiteFideId "3503321"]
[BlackFideId "3507165"]
[EventDate "2014.12.18"]

1. e4 c5 2. Nf3 d6 3. d4 cxd4 4. Nxd4 Nf6 5. Nc3 a6 6. Be3 e6 7. f3 b5 8. Qd2 b4
9. Na4 Nbd7 10. Bc4 Ne5 11. Bb3 Bd7 12. Qxb4 d5 13. Qd2 dxe4 14. O-O-O Rc8 15.
fxe4 Nc4 16. Qe2 Nxe3 17. Qxe3 Qa5 18. Nc3 Rxc3 19. Qxc3 Qxc3 20. bxc3 Ba3+ 21.
Kd2 Nxe4+ 22. Ke3 Nxc3 23. Rd3 Bb4 24. a3 Ba5 25. Bc4 Nb5 26. Ke4 1/2-1/2

[Event "26th Carlos Torre Mem"]
[Site "Merida MEX"]
[Date "2014.12.22"]
[Round "9.3"]
[White "Ramirez, Alejandro"]
[Black "Gonzalez Zamora, Juan Carlos"]
[Result "1/2-1/2"]
[WhiteTitle "GM"]
[BlackTitle "GM"]
[WhiteElo "2579"]
[BlackElo "2523"]
[WhiteFideId "6500617"]
[BlackFideId "3507548"]
[EventDate "2014.12.18"]

1. e4 c5 2. Nf3 Nc6 3. Nc3 d6 4. d4 cxd4 5. Nxd4 Nf6 6. Bg5 e6 7. Qd2 a6 8.
O-O-O Bd7 9. f3 h6 10. Be3 h5 11. Kb1 Be7 12. g3 Qc7 13. h3 Nxd4 14. Bxd4 Bc6
15. Bd3 b5 16. g4 hxg4 17. hxg4 Rg8 18. g5 Nd7 19. g6 fxg6 20. Rhg1 g5 21. Be3
Ne5 22. Rdf1 Rf8 23. Be2 Nf7 24. Bd3 Ne5 25. Be2 Nf7 1/2-1/2

[Event "26th Carlos Torre Mem"]
[Site "Merida MEX"]
[Date "2014.12.22"]
[Round "9.4"]
[White "Becerra Rivero, Julio"]
[Black "Garcia Pantoja, Roberto"]
[Result "0-1"]
[WhiteTitle "GM"]
[BlackTitle "IM"]
[WhiteElo "2546"]
[BlackElo "2461"]
[WhiteFideId "3501728"]
[BlackFideId "3509265"]
[EventDate "2014.12.18"]

1. e4 e6 2. Nc3 d5 3. Nf3 Nf6 4. e5 Nfd7 5. d4 c5 6. dxc5 Nc6 7. Bf4 Nxc5 8. Bd3
Be7 9. h4 Qb6 10. Rb1 Bd7 11. a3 Rc8 12. h5 h6 13. Rh3 Nxd3+ 14. Qxd3 Bc5 15.
Kf1 Bxf2 16. Na4 Qa5 17. Kxf2 Qxa4 18. b4 Ne7 19. Rc1 Bb5 20. Qd2 Qxa3 21. Nd4
Qa6 22. Rg3 Rg8 23. c3 Bc4 24. Qc2 Kd7 25. Kg1 f5 26. Qd1 Qb6 27. Qa4+ Nc6 28.
Rg6 Rce8 29. Ra1 a6 30. Be3 Bb5 31. Qd1 Nxe5 32. Nxf5 Qd8 33. Rxg7+ Rxg7 34.
Nxg7 Rg8 35. Bd4 Qf6 36. Qe1 Nf3+ 37. gxf3 Rxg7+ 0-1

[Event "26th Carlos Torre Mem"]
[Site "Merida MEX"]
[Date "2014.12.22"]
[Round "9.5"]
[White "Martinez Duany, Lelys Stanley"]
[Black "Cordova, Emilio"]
[Result "0-1"]
[WhiteTitle "GM"]
[BlackTitle "GM"]
[WhiteElo "2484"]
[BlackElo "2616"]
[WhiteFideId "3504727"]
[BlackFideId "3801497"]
[EventDate "2014.12.18"]

1. d4 Nf6 2. Nf3 b6 3. e3 Bb7 4. Bd3 e6 5. O-O c5 6. c4 g6 7. Nc3 Bg7 8. d5 exd5
9. cxd5 Nxd5 10. Nxd5 Bxd5 11. Bxg6 hxg6 12. Qxd5 Nc6 13. e4 Rh5 14. Bg5 Nb4 15.
Qd2 f6 16. Bf4 d5 17. Rfe1 dxe4 18. Rxe4+ Kf7 19. Qe2 Nd3 20. h4 Rd5 21. Bg3 Qd7
22. Kh2 Rd8 23. Rd1 Kf8 24. b3 f5 25. Re6 f4 26. Ng5 fxg3+ 27. fxg3 Ne5 28. Rxg6 0-1

[Event "26th Carlos Torre Mem"]
[Site "Merida MEX"]
[Date "2014.12.22"]
[Round "9.6"]
[White "Otero Acosta, Diasmany"]
[Black "Hevia Alejano, Carlos Antonio"]
[Result "0-1"]
[WhiteTitle "IM"]
[BlackTitle "IM"]
[WhiteElo "2473"]
[BlackElo "2511"]
[WhiteFideId "3503186"]
[BlackFideId "3508811"]
[EventDate "2014.12.18"]

1. d4 Nf6 2. c4 e6 3. Nc3 Bb4 4. f3 O-O 5. a3 Bxc3+ 6. bxc3 d5 7. cxd5 exd5 8.
e3 c5 9. Bd3 b6 10. Ne2 Ba6 11. Ng3 Bxd3 12. Qxd3 Nc6 13. O-O Re8 14. Bb2 Na5
15. Rae1 cxd4 16. cxd4 Qc7 17. e4 Qc4 18. Qxc4 Nxc4 19. Bc1 b5 20. e5 Nd7 21. f4
a5 22. f5 b4 23. axb4 axb4 24. e6 Nf8 25. Nh5 b3 26. Rf3 b2 27. Bxb2 Nxb2 28.
Rb3 fxe6 29. Rxb2 exf5 30. Rxe8 Rxe8 31. Kf2 Re4 32. Rb4 Ne6 33. Ng3 Rh4 34. h3
g6 35. Ne2 Re4 36. Rb5 Rxe2+ 0-1

[Event "26th Carlos Torre Mem"]
[Site "Merida MEX"]
[Date "2014.12.22"]
[Round "9.7"]
[White "Nogueiras Santiago, Jesus"]
[Black "Pozo Vera, Sandro"]
[Result "1-0"]
[WhiteTitle "GM"]
[BlackTitle "GM"]
[WhiteElo "2502"]
[BlackElo "2431"]
[WhiteFideId "3500020"]
[BlackFideId "3507203"]
[EventDate "2014.12.18"]

1. d4 e6 2. Nf3 Nf6 3. Bg5 h6 4. Bxf6 Qxf6 5. e4 d6 6. c3 g5 7. Be2 Bg7 8. O-O
Qe7 9. Nbd2 Nd7 10. a4 g4 11. Ne1 h5 12. f4 c5 13. e5 d5 14. Nc2 f5 15. c4 Nb6
16. a5 Nxc4 17. Nxc4 dxc4 18. Bxc4 Bd7 19. d5 exd5 20. Bxd5 Rb8 21. Ne3 Rh6 22.
Qc2 Qf8 23. Rfe1 Bc8 1-0